000 00405nam a2200169Ia 4500
008 230524s9999 xx 000 0 und d
020 _a9788120333567
082 _a621.382
_bAUM
100 _aA.Anand Kumar
245 0 _aPulse and Digital Circuits
250 _a1ST
260 _aNEW DELHI
_bPHI
_c2005
300 _aIX;467
500 _aQuantity Number: 152
650 _aElectronics
942 _cBK
999 _c32183
_d32183